| 000 | 00779nam a22002057a 4500 | ||
|---|---|---|---|
| 999 |
_c5375 _d5375 |
||
| 003 | AR-CdUCM | ||
| 008 | 190312b ||||| |||| 00| 0 spa d | ||
| 040 |
_aMUNICIPALIDAD PROVINCIAL DEL CUSCO _cBIBLIOTECA MUNICIPAL DEL CUSCO |
||
| 082 |
_22ed. _a271.9 / _bR93 |
||
| 100 |
_a Ruiz Olabuénaga, J. Ignacio _916208 |
||
| 245 | _aLas religiosas en la iglesia y en el mundo / | ||
| 260 |
_aEspaña : _bMensajero, _c1967. |
||
| 300 |
_a293 páginas ; _c22 cm. |
||
| 440 |
_aBiblioteca mensajero. _n2 _916209 |
||
| 505 | _aContenido: La caravana del millon -- La crisis del millon -- crítica hipercrítica -- El carisma -- El habito -- La disiplina interna -- El grupo religioso ... | ||
| 650 |
_aIglesia _91428 |
||
| 650 |
_aReligiosas _97077 |
||
| 942 |
_2ddc _cLIBROS |
||
| 945 | _azta | ||